01658cam a2200253 a 45000010009000000050017000090080041000260100017000670200040000840200033001240400013001570420008001700500022001782450188002002600069003883000027004575000035004845040041005195050727005606500037012876500034013247000020013587000026013781649961620220408140803.0101013s2011 enka b 000 0 eng  a 2010939207 a9781849800464 (hardback : 2 v. set) a1849800464 (hbk. : 2 v. set) aDLCcDLC apcc00aK3850b.E248 201100aEconomic development :bthe critical role of competition law and policy(vol1) economics,political economy and industrial trade policies /cedited by Eleanor M. Fox and Abel M. Mateus. aCheltenham, UK ;aNorthampton, MA :bEdward Elgar Pub. ,cc2011. a2 v. :bill. ;c25 cm. a"An Elgar research collection" aIncludes bibliographical references.0 aContent: Part I: Polittical economy of economic development, institutions and the role of competition -- Economic development and the role of the market mechanism, institutions and policies in developing countries -- The role of markets and competition policies from national perspective -- Interest groups, the political process and competition in developing countries -- The role of institutions in development -- The problem of the bottom billion --Part II: Globalization and it's impact on developing countries -- Part III: Industrial versus competition policies, privatization and libralization -- privatization and libralizatio: a critique of the washington consensus -- Industrial policy versus competition policy. 0aAntitrust lawxEconomic aspects. 0aLaw and economic development.1 aFox, Eleanor M.1 aMateus, Abel Moreira.